[Event "GRE-chT 50th"]
[Site "Nikaia"]
[Date "2023.08.27"]
[Round "4.1"]
[White "Katopodis, Dimitrios"]
[Black "Kanakaris, Georgios"]
[Result "0-1"]
[WhiteElo "2284"]
[BlackElo "2392"]
[PlyCount "106"]
[EventDate "2023.08.25"]
[EventType "team"]
[EventRounds "9"]
[EventCountry "GRE"]
[SourceTitle "CBM 216 Extra"]
[Source "ChessBase"]
[SourceDate "2023.11.30"]
[SourceVersion "1"]
[SourceVersionDate "2023.11.30"]
[SourceQuality "1"]
[WhiteTeam "Irakleiou Attikis"]
[BlackTeam "Pneemathlon"]
[WhiteTeamCountry "GRE"]
[BlackTeamCountry "GRE"]

1. d4 Nf6 2. Nf3 e6 3. g3 b5 4. Bg5 Bb7 5. Nbd2 Be7 6. Bxf6 Bxf6 7. e4 a6 8. c3 c5 9. Bg2 cxd4 10. cxd4 Qb6 11. e5 Be7 12. 0-0 0-0 13. Nb3 d6 14. Rc1 Nd7 15. Qe2 Rac8 16. Nfd2 Bxg2 17. Kxg2 a5 18. Nf3 a4 19. Nbd2 d5 20. Qd3 Rc6 21. Rc2 Rfc8 22. Rfc1 Nb8 23. Rxc6 Rxc6 24. Rc3 Na6 25. Nb1 b4 26. Rc2 Nc7 27. Kf1 Nb5 28. Rxc6 Qxc6 29. Ke2 Qc1 30. Qxb5 Qxb1 31. Qe8+ Bf8 32. Nd2 Qxa2 33. Kd3 Qxb2 34. Qxa4 Qc3+ 35. Ke2 Qxd4 36. f4 Qg1 37. Nf1 Qg2+ 38. Ke1 Qe4+ 39. Kd1 Qf3+ 40. Ke1 Qa3 41. Qb5 Qc1+ 42. Ke2 h5 43. Nd2 Qc2 44. Ke1 g6 45. Ke2 Kg7 46. Qd3 Qb2 47. Qb3 Qa3 48. Kd3 Qa6+ 49. Ke3 Bc5+ 50. Kf3 Qa1 51. Ke2 Qg1 52. Nf3 Qf2+ 53. Kd1 Be3 0-1

[Event "GRE-chT 50th"]
[Site "Nikaia"]
[Date "2023.08.26"]
[Round "3.1"]
[White "Katopodis, Dimitrios"]
[Black "Kapnisis, Spyridon"]
[Result "0-1"]
[WhiteElo "2284"]
[BlackElo "2450"]
[PlyCount "70"]
[EventDate "2023.08.25"]
[EventType "team"]
[EventRounds "9"]
[EventCountry "GRE"]
[SourceTitle "CBM 216 Extra"]
[Source "ChessBase"]
[SourceDate "2023.11.30"]
[SourceVersion "1"]
[SourceVersionDate "2023.11.30"]
[SourceQuality "1"]
[WhiteTeam "Irakleiou Attikis"]
[BlackTeam "Phisiolatris"]
[WhiteTeamCountry "GRE"]
[BlackTeamCountry "GRE"]

1. c4 c5 2. g3 g6 3. Bg2 Bg7 4. Nc3 Nc6 5. Nf3 d6 6. d3 Bxc3+ 7. bxc3 Qd7 8. h4 h6 9. Bf4 e5 10. Bd2 b6 11. Nh2 Bb7 12. h5 g5 13. Nf1 Nce7 14. e4 f5 15. Ne3 Nf6 16. Nd5 Nexd5 17. exd5 0-0 18. a4 e4 19. dxe4 Nxe4 20. 0-0 Ba6 21. Bxe4 fxe4 22. Qe2 Rae8 23. Be3 Qh3 24. Rfb1 Bc8 25. a5 Bg4 26. Qf1 Qxh5 27. Qg2 bxa5 28. Rxa5 Bf3 29. Qh2 Qxh2+ 30. Kxh2 g4 31. Rh1 Rb8 32. Raa1 Rb3 33. Kg1 Rfb8 34. Rc1 Rb1 35. Kh2 Bxh1 0-1

[Event "GRE-chT 48th"]
[Site "Athens"]
[Date "2021.09.11"]
[Round "6.3"]
[White "Katopodis, Dimitrios"]
[Black "Hristodoulou, Panagiotis"]
[Result "0-1"]
[WhiteElo "2346"]
[BlackElo "2291"]
[PlyCount "60"]
[EventDate "2021.09.07"]
[EventType "team-swiss"]
[EventRounds "7"]
[EventCountry "GRE"]
[SourceTitle "CBM 204 Extra"]
[Source "ChessBase"]
[SourceDate "2021.11.30"]
[SourceVersion "1"]
[SourceVersionDate "2021.11.30"]
[SourceQuality "1"]
[WhiteTeam "Epyk Irakliou Attykis"]
[BlackTeam "OFI"]
[WhiteTeamCountry "GRE"]
[BlackTeamCountry "GRE"]

1. d4 d5 2. c4 e6 3. Nf3 a6 4. Bg5 Be7 5. Bxe7 Qxe7 6. Nbd2 Nf6 7. Rc1 0-0 8. g3 Rd8 9. Bg2 c5 10. cxd5 cxd4 11. Nxd4 Nxd5 12. Bxd5 exd5 13. Nb1 Bh3 14. Nc3 Nc6 15. Qd3 Rac8 16. Rd1 Qb4 17. Nxc6 Rxc6 18. Qd2 d4 19. Ne4 Qe7 20. f3 d3 21. Qg5 f6 22. Qe3 f5 23. Qg5 Qe8 24. Rxd3 Rxd3 25. exd3 fxe4 26. fxe4 h6 27. Qf4 Rc2 28. Kd1 Rxb2 29. Kc1 Rxa2 30. Kb1 Qa4 0-1

[Event "EU-ch Online U18"]
[Site "Tornelo INT"]
[Date "2020.09.20"]
[Round "9"]
[White "Khodashneli, Shota"]
[Black "Katopodis, Dimitrios"]
[Result "1-0"]
[WhiteElo "1976"]
[BlackElo "2346"]
[PlyCount "71"]
[EventDate "2020.09.18"]
[EventType "swiss (rapid)"]
[EventRounds "9"]
[EventCountry "ENG"]
[SourceTitle "CBM 198 Extra"]
[Source "ChessBase"]
[SourceDate "2020.11.30"]
[SourceVersion "1"]
[SourceVersionDate "2020.11.30"]
[SourceQuality "1"]

1. e4 c6 2. d4 g6 3. c4 d5 4. exd5 cxd5 5. cxd5 Nf6 6. Nc3 Nxd5 7. Bc4 Nxc3 8. bxc3 Bg7 9. Nf3 0-0 10. 0-0 b6 11. Qe2 Bb7 12. Ba3 Re8 13. Bxf7+ Kh8 14. Bxe8 Qxe8 15. Qxe7 Qc8 16. Ng5 Nc6 17. Qe6 Qxe6 18. Nxe6 Bh6 19. Bc1 Bg7 20. Nxg7 Kxg7 21. d5 Na5 22. d6 Rd8 23. Bf4 Bd5 24. Rfe1 Nc6 25. Rad1 Bxa2 26. d7 Bb3 27. Rd2 Bf7 28. Bc7 Kf8 29. Bxd8 Nxd8 30. Rde2 Kg7 31. Re8 Nc6 32. d8Q Nxd8 33. Rxd8 a5 34. Rd7 Kf6 35. Rxf7+ Kxf7 36. Rb1 1-0

[Event "EU-ch Online U18"]
[Site "Tornelo INT"]
[Date "2020.09.20"]
[Round "7"]
[White "Muradli, Mahammad"]
[Black "Katopodis, Dimitrios"]
[Result "1-0"]
[WhiteElo "2449"]
[BlackElo "2346"]
[PlyCount "99"]
[EventDate "2020.09.18"]
[EventType "swiss (rapid)"]
[EventRounds "9"]
[EventCountry "ENG"]
[SourceTitle "CBM 198 Extra"]
[Source "ChessBase"]
[SourceDate "2020.11.30"]
[SourceVersion "1"]
[SourceVersionDate "2020.11.30"]
[SourceQuality "1"]

1. Nf3 b6 2. g3 Bb7 3. Bg2 f5 4. b3 Nf6 5. Bb2 g6 6. Bxf6 exf6 7. c4 Bg7 8. Nc3 Na6 9. d4 0-0 10. 0-0 Re8 11. e3 Bf8 12. a3 Kg7 13. b4 Qe7 14. Qb3 Be4 15. Nd2 Bxg2 16. Kxg2 c6 17. Rfd1 Nc7 18. Nf3 Ne6 19. h4 Nd8 20. h5 Nf7 21. hxg6 hxg6 22. Rh1 Ng5 23. Rh2 Nxf3 24. Kxf3 Kf7 25. Rh7+ Bg7 26. d5 Rh8 27. Rah1 Rxh7 28. Rxh7 Kg8 29. Rh4 Re8 30. Rd4 Bh6 31. Rd3 Kh7 32. Qa4 cxd5 33. Nxd5 Qe4+ 34. Ke2 Bg7 35. Qxd7 Kh6 36. Qc7 g5 37. Qc6 Re6 38. Qd7 Qg4+ 39. Ke1 Qxc4 40. Rc3 Qe4 41. Rc7 Qh1+ 42. Kd2 Kh5 43. Qxe6 Qb1 44. Nxf6+ Bxf6 45. Qxf6 Qa2+ 46. Rc2 Qd5+ 47. Qd4 Qf3 48. Kc3 Qc6+ 49. Kb2 Qf3 50. Qe5 1-0

[Event "EU-ch Online U18"]
[Site "Tornelo INT"]
[Date "2020.09.19"]
[Round "4"]
[White "Alcon Llosada, Alex"]
[Black "Katopodis, Dimitrios"]
[Result "0-1"]
[WhiteElo "1999"]
[BlackElo "2346"]
[PlyCount "66"]
[EventDate "2020.09.18"]
[EventType "swiss (rapid)"]
[EventRounds "9"]
[EventCountry "ENG"]
[SourceTitle "CBM 198 Extra"]
[Source "ChessBase"]
[SourceDate "2020.11.30"]
[SourceVersion "1"]
[SourceVersionDate "2020.11.30"]
[SourceQuality "1"]

1. d4 Nf6 2. c4 b6 3. Nf3 Bb7 4. g3 Bxf3 5. exf3 e6 6. Bg2 Bb4+ 7. Bd2 Bxd2+ 8. Qxd2 0-0 9. 0-0 d5 10. f4 c6 11. Nc3 dxc4 12. Rad1 Nd5 13. Ne4 Nd7 14. f5 exf5 15. Nd6 b5 16. Nxf5 a5 17. Rfe1 N7b6 18. a3 Qf6 19. Be4 Rfe8 20. Bc2 a4 21. h4 h5 22. Kg2 g6 23. Ne3 Kg7 24. Rf1 Rad8 25. Rde1 Nc7 26. Rd1 Ne6 27. Qa5 Nd5 28. Nxd5 Rxd5 29. Be4 Nf4+ 30. gxf4 Rxe4 31. f3 Rxf4 32. Rde1 Qxh4 33. Qa8 Rg5# 0-1

[Event "EU-ch Online U18"]
[Site "Tornelo INT"]
[Date "2020.09.19"]
[Round "5"]
[White "Katopodis, Dimitrios"]
[Black "Djokic, Mihailo"]
[Result "1-0"]
[WhiteElo "2346"]
[BlackElo "2232"]
[PlyCount "75"]
[EventDate "2020.09.18"]
[EventType "swiss (rapid)"]
[EventRounds "9"]
[EventCountry "ENG"]
[SourceTitle "CBM 198 Extra"]
[Source "ChessBase"]
[SourceDate "2020.11.30"]
[SourceVersion "1"]
[SourceVersionDate "2020.11.30"]
[SourceQuality "1"]

1. d4 Nf6 2. c4 g6 3. Nc3 Bg7 4. e4 d6 5. Be2 0-0 6. Be3 e5 7. d5 Na6 8. g4 Nc5 9. f3 a5 10. h4 Nfd7 11. h5 f5 12. hxg6 hxg6 13. gxf5 gxf5 14. Qd2 Nf6 15. 0-0-0 b6 16. Nh3 fxe4 17. Ng5 exf3 18. Bxf3 Ng4 19. Bxg4 Bxg4 20. Qh2 Bf5 21. Rdg1 Rf6 22. Bxc5 bxc5 23. Ne6 Bg6 24. Nxd8 Rxd8 25. Rxg6 Rxg6 26. Qh7+ Kf7 27. Rf1+ Rf6 28. Rxf6+ Kxf6 29. Ne4+ Kf7 30. Ng5+ Kf6 31. Qxg7+ Kxg7 32. Ne6+ Kf6 33. Nxd8 Kf5 34. Ne6 c6 35. Ng7+ Kf6 36. dxc6 Ke7 37. Kd2 Kd8 38. Ne6+ 1-0

[Event "GRE-chT U16"]
[Site "Thessaloniki"]
[Date "2019.12.01"]
[Round "6.1"]
[White "Katopodis, Dimitrios"]
[Black "Chatzieleftheriou, Andreas"]
[Result "1-0"]
[WhiteElo "2353"]
[BlackElo "2258"]
[PlyCount "73"]
[EventDate "2019.11.28"]
[EventType "team-swiss"]
[EventRounds "6"]
[EventCountry "GRE"]
[SourceTitle "CBM 193 Extra"]
[Source "ChessBase"]
[SourceDate "2020.01.31"]
[SourceVersion "1"]
[SourceVersionDate "2020.01.31"]
[SourceQuality "1"]
[WhiteTeam "Neas Erythraias"]
[BlackTeam "Nikaia Fysiolatris"]
[WhiteTeamCountry "GRE"]
[BlackTeamCountry "GRE"]

1. c4 Nf6 2. Nf3 e6 3. g3 d5 4. d4 dxc4 5. Bg2 c5 6. 0-0 Nc6 7. dxc5 Qxd1 8. Rxd1 Bxc5 9. Nbd2 c3 10. bxc3 0-0 11. Nb3 Be7 12. c4 Bd7 13. Bb2 Rfd8 14. Nfd4 Rac8 15. Nb5 Be8 16. c5 Nb4 17. Nd6 Bxd6 18. cxd6 Bc6 19. Bxc6 Nxc6 20. Bxf6 gxf6 21. Rac1 Kg7 22. g4 Ne5 23. Nc5 Rb8 24. h3 b6 25. Ne4 Rb7 26. f4 Ng6 27. e3 f5 28. gxf5 exf5 29. Ng3 Nh4 30. Rd5 Rbd7 31. Rc6 Kf6 32. e4 fxe4 33. Nxe4+ Kg7 34. f5 Re8 35. Rc7 Rxc7 36. dxc7 Rc8 37. Nd6 1-0

[Event "GRE-chT U16"]
[Site "Thessaloniki"]
[Date "2019.11.30"]
[Round "5.1"]
[White "Gkaripis, Marios Ilias"]
[Black "Katopodis, Dimitrios"]
[Result "0-1"]
[WhiteElo "1453"]
[BlackElo "2353"]
[PlyCount "74"]
[EventDate "2019.11.28"]
[EventType "team-swiss"]
[EventRounds "6"]
[EventCountry "GRE"]
[SourceTitle "CBM 193 Extra"]
[Source "ChessBase"]
[SourceDate "2020.01.31"]
[SourceVersion "1"]
[SourceVersionDate "2020.01.31"]
[SourceQuality "1"]
[WhiteTeam "Neapolis Sykeon"]
[BlackTeam "Neas Erythraias"]
[WhiteTeamCountry "GRE"]
[BlackTeamCountry "GRE"]

1. d4 Nf6 2. c4 b6 3. Nc3 Bb7 4. Nf3 d5 5. Bf4 dxc4 6. e3 e6 7. Bxc4 a6 8. 0-0 b5 9. Bd3 Nbd7 10. Rc1 c5 11. b3 cxd4 12. exd4 Ba3 13. Rc2 0-0 14. Qe2 Rc8 15. Ne4 Nxe4 16. Bxe4 Bxe4 17. Qxe4 Nf6 18. Rxc8 Qxc8 19. Qd3 Qc6 20. Ne5 Qd5 21. Bc1 Bd6 22. Re1 Rd8 23. f4 Bb4 24. Rd1 Rc8 25. Bb2 Qe4 26. Qxe4 Nxe4 27. Nd3 Bd2 28. Bc1 Rc3 29. Bxd2 Rxd3 30. Rc1 g5 31. Bb4 Rxd4 32. Rc8+ Kg7 33. Bc3 Nxc3 34. Rxc3 Rxf4 35. Rc6 a5 36. Rc5 Rf5 37. Rc2 h5 0-1

[Event "World ol U16"]
[Site "Corum"]
[Date "2019.11.03"]
[Round "7.1"]
[White "Katopodis, Dimitrios"]
[Black "Ahmadzada, Ahmad Samir"]
[Result "0-1"]
[WhiteElo "2353"]
[BlackElo "2406"]
[PlyCount "70"]
[EventDate "2019.10.29"]
[EventType "team-swiss"]
[EventRounds "9"]
[EventCountry "TUR"]
[SourceTitle "CBM 192 Extra"]
[Source "Chessbase"]
[SourceDate "2019.11.06"]
[SourceVersion "1"]
[SourceVersionDate "2019.11.06"]
[SourceQuality "1"]
[WhiteTeam "Greece"]
[BlackTeam "Azerbaijan"]
[WhiteTeamCountry "GRE"]
[BlackTeamCountry "AZE"]

1. d4 Nf6 2. Nf3 e6 3. g3 b5 4. Bg5 Bb7 5. Nbd2 c5 6. e4 a6 7. d5 Be7 8. Bxf6 Bxf6 9. e5 Be7 10. d6 Bg5 11. Bg2 Bxd2+ 12. Qxd2 0-0 13. 0-0 Bd5 14. Ng5 Bxg2 15. Kxg2 Nc6 16. f4 f6 17. Ne4 fxe5 18. Nxc5 Rc8 19. b4 exf4 20. Rxf4 Rxf4 21. Qxf4 Nxb4 22. Rf1 Nd5 23. Qf7+ Kh8 24. Kh3 Nf6 25. Nxa6 Qg8 26. Qe7 h5 27. Nc7 Rf8 28. Rxf6 gxf6 29. Qxd7 Rd8 30. Qe7 Qg4+ 31. Kg2 Qe2+ 32. Kh3 Qf1+ 33. Kh4 Rg8 34. Qxe6 Rg4+ 35. Qxg4 hxg4 0-1

[Event "World ol U16"]
[Site "Corum"]
[Date "2019.10.30"]
[Round "2.12"]
[White "Katopodis, Dimitrios"]
[Black "Navaratnam, Rohan Shan Tze"]
[Result "0-1"]
[WhiteElo "2353"]
[BlackElo "2061"]
[PlyCount "158"]
[EventDate "2019.10.29"]
[EventType "team-swiss"]
[EventRounds "9"]
[EventCountry "TUR"]
[SourceTitle "CBM 192 Extra"]
[Source "Chessbase"]
[SourceDate "2019.11.06"]
[SourceVersion "1"]
[SourceVersionDate "2019.11.06"]
[SourceQuality "1"]
[WhiteTeam "Greece"]
[BlackTeam "Malaysia"]
[WhiteTeamCountry "GRE"]
[BlackTeamCountry "MAS"]

1. d4 d5 2. Nf3 Nf6 3. c4 c6 4. Qc2 dxc4 5. Qxc4 Bf5 6. g3 e6 7. Bg2 Be7 8. 0-0 0-0 9. e3 Nbd7 10. Qe2 Qc7 11. Nc3 e5 12. dxe5 Nxe5 13. Nxe5 Qxe5 14. e4 Be6 15. Bf4 Qa5 16. Bd2 Qb6 17. Be3 Qa5 18. h3 Rfe8 19. f4 Rad8 20. g4 Bc5 21. Bxc5 Qxc5+ 22. Qf2 Qxf2+ 23. Rxf2 Rd4 24. e5 Nd5 25. f5 Bd7 26. Bxd5 cxd5 27. Re1 Rd3 28. Kh2 Bc6 29. e6 d4 30. Ne4 Re3 31. exf7+ Kxf7 32. Ng5+ Kf6 33. Nxh7+ Ke5 34. Ref1 d3 35. f6 gxf6 36. Nxf6 Rd8 37. g5 d2 38. Rd1 Red3 39. Ng4+ Ke6 40. Re2+ Kf5 41. Ne5 Re8 42. Rf1+ Kxg5 43. Rg1+ Kh5 44. Rd1 Rd5 45. Rdxd2 Rxd2 46. Rxd2 Rxe5 47. Kg3 Re3+ 48. Kf4 Rxh3 49. Ke5 Kg6 50. Kd6 Rh7 51. Rf2 Rf7 52. Re2 Rd7+ 53. Ke6 Rd1 54. Ke5 Kf7 55. Rh2 Rd5+ 56. Kf4 Ke6 57. Rh6+ Kd7 58. Ke3 Kc7 59. Rh7+ Kb6 60. Rh6 Kc5 61. Rh4 Rg5 62. Kd3 Rg3+ 63. Kd2 Be8 64. Rh7 Rg2+ 65. Kc3 Rg3+ 66. Kd2 Rd3+ 67. Kc2 Bg6 68. Rg7 Rg3+ 69. Kd2 Kc6 70. Kc1 Rg2 71. Rg8 Rc2+ 72. Kb1 Rg2+ 73. Kc1 a6 74. Rc8+ Kd5 75. Rc7 b6 76. Rd7+ Kc6 77. Rg7 Rc2+ 78. Kb1 Bf5 79. Rf7 Rc5+ 0-1

[Event "Anogia Tal Memorial 2nd"]
[Site "Anogia"]
[Date "2019.09.19"]
[Round "9"]
[White "Sidiropoulos, Nikolaos"]
[Black "Katopodis, Dimitrios"]
[Result "0-1"]
[WhiteElo "2117"]
[BlackElo "2265"]
[PlyCount "74"]
[EventDate "2019.09.11"]
[EventType "tourn"]
[EventRounds "9"]
[EventCountry "GRE"]
[EventCategory "2"]
[SourceTitle "EXT 2020"]
[Source "ChessBase"]
[SourceDate "2019.10.17"]
[SourceVersion "1"]
[SourceVersionDate "2019.10.17"]
[SourceQuality "1"]

1. d4 Nf6 2. c4 e6 3. Nc3 d5 4. cxd5 Nxd5 5. e4 Nxc3 6. bxc3 c5 7. Nf3 cxd4 8. cxd4 Bb4+ 9. Bd2 Bxd2+ 10. Qxd2 0-0 11. Bc4 Nc6 12. 0-0 b6 13. Rac1 Na5 14. Rfd1 Bb7 15. d5 Nxc4 16. Rxc4 exd5 17. exd5 Qd6 18. Qg5 h6 19. Qh5 Rad8 20. Nh4 Qf6 21. h3 Rfe8 22. Nf3 Rd7 23. Rcd4 Red8 24. R1d3 Rd6 25. a3 Qg6 26. Qxg6 fxg6 27. Ne5 g5 28. Nc4 Rxd5 29. Rxd5 Rxd5 30. Re3 Ba6 31. Ne5 Bb5 32. Ng6 Rd6 33. Ne7+ Kf7 34. Re5 Bd3 35. Nd5 Re6 36. f4 Rxe5 37. fxe5 Ke6 0-1

[Event "Agios Nikolaos op 3rd"]
[Site "Agios Ioannis"]
[Date "2019.09.02"]
[Round "9"]
[White "Lekic, Dusan"]
[Black "Katopodis, Dimitrios"]
[Result "1/2-1/2"]
[WhiteElo "2330"]
[BlackElo "2281"]
[PlyCount "34"]
[EventDate "2019.08.26"]
[EventType "swiss"]
[EventRounds "9"]
[EventCountry "GRE"]
[SourceTitle "EXT 2020"]
[Source "ChessBase"]
[SourceDate "2019.10.17"]
[SourceVersion "1"]
[SourceVersionDate "2019.10.17"]
[SourceQuality "1"]

1. d4 Nf6 2. c4 e6 3. Nf3 d5 4. g3 Bb4+ 5. Nc3 0-0 6. Bg2 dxc4 7. 0-0 Nc6 8. Qa4 Nd5 9. Qc2 Be7 10. Rd1 a6 11. e4 Ncb4 12. Qe2 Nxc3 13. bxc3 Nd3 14. a4 c5 15. Qa2 Nxc1 16. Raxc1 Bd7 17. Ne5 Qc7 1/2-1/2

[Event "Agios Nikolaos op 3rd"]
[Site "Agios Ioannis"]
[Date "2019.08.29"]
[Round "5"]
[White "Katopodis, Dimitrios"]
[Black "Levin, Evgeny A"]
[Result "1/2-1/2"]
[WhiteElo "2281"]
[BlackElo "2502"]
[PlyCount "42"]
[EventDate "2019.08.26"]
[EventType "swiss"]
[EventRounds "9"]
[EventCountry "GRE"]
[SourceTitle "EXT 2020"]
[Source "ChessBase"]
[SourceDate "2019.10.17"]
[SourceVersion "1"]
[SourceVersionDate "2019.10.17"]
[SourceQuality "1"]

1. Nf3 Nf6 2. c4 b6 3. g3 c5 4. Bg2 Bb7 5. Nc3 e6 6. 0-0 Be7 7. d4 cxd4 8. Qxd4 0-0 9. Rd1 d6 10. b3 Nbd7 11. Bb2 a6 12. e4 Qc7 13. Rac1 Rac8 14. Qe3 Rfe8 15. Nd4 Bf8 16. h3 g6 17. g4 h6 18. Nde2 Qb8 19. Na4 b5 20. cxb5 axb5 21. Nb6 Rxc1 1/2-1/2

[Event "Agios Nikolaos op 3rd"]
[Site "Agios Ioannis"]
[Date "2019.08.27"]
[Round "2"]
[White "Katopodis, Dimitrios"]
[Black "Moiseenko, Vadim"]
[Result "1-0"]
[WhiteElo "2281"]
[BlackElo "2519"]
[PlyCount "51"]
[EventDate "2019.08.26"]
[EventType "swiss"]
[EventRounds "9"]
[EventCountry "GRE"]
[SourceTitle "EXT 2020"]
[Source "ChessBase"]
[SourceDate "2019.10.17"]
[SourceVersion "1"]
[SourceVersionDate "2019.10.17"]
[SourceQuality "1"]

1. d4 Nf6 2. c4 e6 3. Nf3 b6 4. g3 Bb7 5. Bg2 g6 6. 0-0 Bg7 7. Qc2 Na6 8. Nc3 c5 9. Rd1 0-0 10. e4 d6 11. e5 dxe5 12. dxe5 Nd7 13. Bg5 Qc8 14. Ne4 Qc7 15. Nf6+ Nxf6 16. exf6 Bh8 17. Bf4 Qc6 18. Rd6 Qe8 19. Be5 Rd8 20. Qc3 Qa4 21. b3 Qb4 22. Qd3 Rxd6 23. Qxd6 b5 24. Rd1 Qa5 25. Qe7 Bc6 26. Ng5 1-0

[Event "Anogia op 8th"]
[Site "Anogia"]
[Date "2019.08.22"]
[Round "6"]
[White "David, Alberto"]
[Black "Katopodis, Dimitrios"]
[Result "1-0"]
[WhiteElo "2534"]
[BlackElo "2281"]
[PlyCount "93"]
[EventDate "2019.08.18"]
[EventType "swiss"]
[EventRounds "9"]
[EventCountry "GRE"]
[SourceTitle "EXT 2020"]
[Source "ChessBase"]
[SourceDate "2019.10.17"]
[SourceVersion "1"]
[SourceVersionDate "2019.10.17"]
[SourceQuality "1"]

1. Nf3 d5 2. g3 c6 3. Bg2 Bg4 4. d3 Nd7 5. h3 Bh5 6. 0-0 e6 7. Qe1 Bxf3 8. Bxf3 Bd6 9. e4 Ne7 10. Bg2 0-0 11. Nd2 Qb6 12. Kh1 a5 13. a3 a4 14. Qe2 Qc5 15. Qd1 Rae8 16. Nb1 f5 17. Nc3 Qa7 18. f4 Bc5 19. Bd2 b5 20. Qe2 Nb6 21. Rae1 Qd7 22. Kh2 Bd4 23. Nd1 fxe4 24. dxe4 Nc4 25. Bc1 Nc8 26. Qd3 Bf6 27. b3 N4b6 28. Ne3 d4 29. Ng4 axb3 30. cxb3 c5 31. Rd1 Rd8 32. e5 c4 33. Qb1 Be7 34. Be3 d3 35. bxc4 Nxc4 36. Be4 Nxa3 37. Qb3 Nc4 38. Rxd3 Qe8 39. Rb1 Rxd3 40. Qxd3 g6 41. Bd4 Kg7 42. Nf6 Bxf6 43. exf6+ Kf7 44. Be5 Qd8 45. Rxb5 N8d6 46. Bxd6 Nxd6 47. Rd5 1-0

[Event "GRE CupT final 37th"]
[Site "Patras"]
[Date "2019.06.30"]
[Round "2.1"]
[White "Halkias, Stelios"]
[Black "Katopodis, Dimitrios"]
[Result "1/2-1/2"]
[WhiteElo "2553"]
[BlackElo "2271"]
[PlyCount "199"]
[EventDate "2019.06.30"]
[EventType "team-k.o."]
[EventRounds "3"]
[EventCountry "GRE"]
[SourceTitle "CBM 191 Extra"]
[Source "ChessBase"]
[SourceDate "2019.09.30"]
[SourceVersion "1"]
[SourceVersionDate "2019.09.30"]
[SourceQuality "1"]
[WhiteTeam "Eoac Fysiolatris"]
[BlackTeam "Neas Erythreas"]
[WhiteTeamCountry "GRE"]
[BlackTeamCountry "GRE"]

1. Nf3 d5 2. d4 Nf6 3. c4 e6 4. Nc3 Be7 5. g3 0-0 6. Bg2 b6 7. 0-0 Bb7 8. cxd5 Nxd5 9. Re1 Nxc3 10. bxc3 Be4 11. Ne5 Bxg2 12. Kxg2 c5 13. e4 Bf6 14. Nf3 Nc6 15. Be3 cxd4 16. cxd4 Qd7 17. Qa4 Rfd8 18. Red1 Na5 19. Qxd7 Rxd7 20. Rac1 b5 21. Rb1 a6 22. a4 Nc4 23. axb5 Na3 24. Rb3 Nxb5 25. Ra1 Bxd4 26. Rd1 f6 27. Nxd4 Rad8 28. Nxb5 Rxd1 29. Nc7 R1d6 30. Ra3 Rc8 31. Rxa6 Rxa6 32. Nxa6 e5 33. h4 Kf7 34. Nc5 g6 35. g4 h5 36. Kf3 hxg4+ 37. Kxg4 Rh8 38. Nd3 Ke6 39. Nc5+ Kd6 40. Nd3 Ke6 41. Nc5+ Kd6 42. Nb3 Ke6 43. f3 Rc8 44. Nc5+ Kd6 45. h5 gxh5+ 46. Kxh5 Rg8 47. Kh4 Rg2 48. Nb3 Ke6 49. Nc5+ Kd6 50. Nd3 Ke6 51. Nc5+ Kd6 52. Nd3 Ke6 53. Nf2 Rg7 54. Kh3 Rg6 55. Nd3 Rg7 56. Nc5+ Kd6 57. Nd3 Ke6 58. Bf2 Rg8 59. Bg3 Rc8 60. Kg4 Rg8+ 61. Kh3 Rc8 62. Kg2 Rc3 63. Nf2 f5 64. Bh4 Rb3 65. Nh3 Ra3 66. Ng5+ Kf6 67. Nh3+ Ke6 68. Bd8 fxe4 69. fxe4 Re3 70. Ng5+ Kd6 71. Bf6 Rb3 72. Kf2 Rc3 73. Kg2 Re3 74. Kf2 Rc3 75. Nf3 Ke6 76. Bg7 Rb3 77. Ng5+ Kd6 78. Bf8+ Kd7 79. Bc5 Rc3 80. Bf8 Rb3 81. Bc5 Rc3 82. Be3 Ke7 83. Bd2 Rb3 84. Nf3 Kf6 85. Ke2 Ke6 86. Ne1 Rg3 87. Nf3 Rg2+ 88. Ke3 Rg8 89. Bc3 Rb8 90. Kd3 Rd8+ 91. Kc2 Rc8 92. Nd2 Rh8 93. Nb3 Kd6 94. Bb4+ Kc6 95. Bc3 Kd6 96. Na5 Rh2+ 97. Kb3 Re2 98. Nc4+ Kc5 99. Nd2 Rxd2 100. Bxd2 1/2-1/2

[Event "GRE CupT final 37th"]
[Site "Patras"]
[Date "2019.06.30"]
[Round "1.4"]
[White "Papadopoulos, Panayotis"]
[Black "Katopodis, Dimitrios"]
[Result "1-0"]
[WhiteElo "2137"]
[BlackElo "2271"]
[PlyCount "69"]
[EventDate "2019.06.30"]
[EventType "team-k.o."]
[EventRounds "3"]
[EventCountry "GRE"]
[SourceTitle "CBM 191 Extra"]
[Source "ChessBase"]
[SourceDate "2019.09.30"]
[SourceVersion "1"]
[SourceVersionDate "2019.09.30"]
[SourceQuality "1"]
[WhiteTeam "Thessaloniki Galaxias"]
[BlackTeam "Neas Erythreas"]
[WhiteTeamCountry "GRE"]
[BlackTeamCountry "GRE"]

1. d4 Nf6 2. Nf3 d5 3. c4 e6 4. e3 Nbd7 5. Nbd2 a6 6. Bd3 dxc4 7. Nxc4 b5 8. Nce5 Nxe5 9. dxe5 Nd5 10. 0-0 c5 11. a4 Bd7 12. axb5 axb5 13. Rxa8 Qxa8 14. Ng5 Be7 15. Qh5 g6 16. Qh6 Bf8 17. Qh3 Qd8 18. f4 c4 19. Bb1 Bg7 20. e4 Ne7 21. Be3 h6 22. Nf3 Qc7 23. Rd1 Bc6 24. Qh4 g5 25. Qf2 Qb7 26. fxg5 Bxe4 27. Qd2 0-0 28. gxh6 Bh8 29. Bxe4 Qxe4 30. Bc5 Nd5 31. Qg5+ Qg6 32. h7+ Kg7 33. Bxf8+ Kxf8 34. Qd8+ Kg7 35. Qg8+ 1-0

[Event "World ol U16"]
[Site "Konya"]
[Date "2018.12.02"]
[Round "9.5"]
[White "Katopodis, Dimitrios"]
[Black "Berdnyk, Mariia"]
[Result "1/2-1/2"]
[WhiteElo "2310"]
[BlackElo "2254"]
[PlyCount "64"]
[EventDate "2018.11.25"]
[EventType "team-swiss"]
[EventRounds "9"]
[EventCountry "TUR"]
[SourceTitle "CBM 187 Extra"]
[Source "ChessBase"]
[SourceDate "2018.11.04"]
[SourceVersion "1"]
[SourceVersionDate "2018.11.04"]
[SourceQuality "1"]
[WhiteTeam "Greece"]
[BlackTeam "Ukraine"]
[WhiteTeamCountry "GRE"]
[BlackTeamCountry "UKR"]

1. d4 Nf6 2. Nf3 g6 3. c4 Bg7 4. Nc3 d6 5. e4 0-0 6. h3 e5 7. d5 a5 8. Bg5 Na6 9. g4 Nc5 10. Nd2 c6 11. Qc2 Bd7 12. Be2 Rc8 13. Nb3 Na6 14. Qd1 h6 15. Be3 cxd5 16. cxd5 Rxc3 17. bxc3 Nxe4 18. Bxa6 bxa6 19. Qd3 f5 20. Qxa6 a4 21. Nd2 Nxc3 22. Qxd6 e4 23. Rc1 Kh7 24. Nc4 Bb5 25. gxf5 gxf5 26. Rg1 Qf6 27. Qb4 Nxa2 28. Qxb5 Nxc1 29. Bxc1 Qc3+ 30. Kd1 Qf3+ 31. Ke1 Qc3+ 32. Kd1 Qf3+ 1/2-1/2